000 00492nam a22001577a 4500
003 macl
005 20170906155333.0
008 170906b xxu||||| |||| 00| 0 eng d
040 _cmacl
082 _a891.437/THA
100 _aशौकत थानवी
_943313
245 _aबिन बुलाए बाराती
260 _aदिल्‍ली
_bनव प्रभात साहित्‍य
_c2017
650 _aव्‍यंग्‍य
_969028
942 _2ddc
_cHIN
999 _c56995
_d56995